Az erkölcsi nevelés feladata [II.] folytatás /

Elmentve itt :
Bibliográfiai részletek
Szerző: Mázy Engelbert
Dokumentumtípus: Cikk
Megjelent: 1898
Sorozat:Magyar pedagógia : a Magyar Tudományos Akadémia Pedagógiai Bizottságának folyóirata 7
Kulcsszavak:Erkölcsi nevelés iskolai 1898, Erkölcsi nevelés
Online Access:http://misc.bibl.u-szeged.hu/7438
LEADER 00696nab a2200181 i 4500
001 misc7438
005 20191106144217.0
008 170607s1898 hu o 0|| hun d
022 |a 0025-0260 
040 |a SZTE Miscellanea Repozitórium  |b hun 
041 |a hun 
100 1 |a Mázy Engelbert 
245 1 3 |a Az erkölcsi nevelés feladata [II.]   |h [elektronikus dokumentum] :  |b folytatás /  |c  Mázy Engelbert 
260 |c 1898 
300 |a 454-467 
490 0 |a Magyar pedagógia : a Magyar Tudományos Akadémia Pedagógiai Bizottságának folyóirata  |v 7 
695 |a Erkölcsi nevelés iskolai 1898, Erkölcsi nevelés 
856 4 0 |u http://misc.bibl.u-szeged.hu/7438/1/mp_1898_0557_454-467.pdf  |z Dokumentum-elérés